000 002790000a22000970004500
100 1 _aBlocher, Henri
245 1 0 _aThe scope of redemption and modern theology
300 _aVol. 9, Num. 2 (1991), Páginas 80-103
773 0 _tScottish Bulletin of Evangelical Theology
942 _cANA
999 _c55688
_d55688